লিডারশীপ ১০১ : (Record no. 12353)
[ view plain ]
| 000 -LEADER | |
|---|---|
| fixed length control field | 00869nam a2200241 a 4500 |
| 001 - CONTROL NUMBER | |
| JCCL Control Number | 12353 |
| 003 - CONTROL NUMBER IDENTIFIER | |
| JCCL marc code | BD-JhCC |
| 005 - DATE AND TIME OF LATEST TRANSACTION | |
| control field | 20211104112129.0 |
| 008 - FIXED-LENGTH DATA ELEMENTS--GENERAL INFORMATION | |
| fixed length control field | 211104b2019 bg |||| ||a| 000 0 Ben d |
| 020 ## - INTERNATIONAL STANDARD BOOK NUMBER | |
| International Standard Book Number | 9789849396437 |
| 035 ## - SYSTEM CONTROL NUMBER | |
| system control number | (BD-JhCC)12353 |
| 040 ## - CATALOGING SOURCE | |
| Original cataloging agency | BD-JhCC |
| Modifying agency | BD-JhCC |
| 041 ## - LANGUAGE CODE | |
| Language code of Book | bengla |
| 082 ## - DEWEY DECIMAL CLASSIFICATION NUMBER | |
| Classification number | 658.409 |
| Author mark and Year | MAX 2019 |
| 100 ## - MAIN ENTRY--PERSONAL NAME | |
| Personal name | ম্যাক্সওয়েল, জন.সি. |
| 245 ## - TITLE STATEMENT | |
| Title | লিডারশীপ ১০১ : |
| Remainder of title | নেতৃত্বের অপরিহার্য সূত্রাবলী / |
| Statement of responsibility, etc | জন.সি.ম্যাক্সওয়েল, অনু: ইফতেখার আহমেদ। |
| 260 ## - PUBLICATION, DISTRIBUTION, ETC. (IMPRINT) | |
| Place of publication, distribution, etc | ঢাকা : |
| Name of publisher, distributor, etc | বইবাজার, |
| Date of publication, distribution, etc | ২০১৯. |
| 300 ## - PHYSICAL DESCRIPTION | |
| Pagination | 76 p. : |
| Dimensions | 22 cm. |
| 650 ## - SUBJECT ADDED ENTRY--TOPICAL TERM | |
| Topical term or geographic name as entry element | Leadership |
| 700 ## - ADDED ENTRY--PERSONAL NAME | |
| Personal name | আহমেদ, ইফতেখার |
| 942 ## - ADDED ENTRY ELEMENTS (KOHA) | |
| Source of classification or shelving scheme | Dewey Decimal Classification |
| Koha item type | Books |
| Source of classification or shelving scheme | Damaged status | Not for loan | Home library | Current library | Shelving location | Date of accession | Cost, normal purchase price | Total Checkouts | Full call number | Barcode | Date last seen | Date checked out | Copy number | Koha item type | Method of acquisition | Currency | Source of acquisition |
|---|---|---|---|---|---|---|---|---|---|---|---|---|---|---|---|---|---|
| Dewey Decimal Classification | JCC Rouf Library | JCC Rouf Library | General Stacks | 11/04/2021 | 110.00 | 3 | 658.409 MAX 2019 | 17003 | 01/21/2026 | 11/09/2025 | C-1 | Books | |||||
| Dewey Decimal Classification | JCC Rouf Library | JCC Rouf Library | General Stacks | 09/17/2023 | 1 | 658.409 MAX 2019 | 17903 | 07/09/2025 | 07/01/2025 | C-2 | Books | Purchase | BDT | ||||
| Dewey Decimal Classification | JCC Rouf Library | JCC Rouf Library | General Stacks | 200.00 | 658.409 MAX 2022 | 19212 | 04/04/2024 | C-3 | Books | Purchase | BDT | Maj.Shakhawat (Retd) Jcc 7th Intake. | |||||
| Dewey Decimal Classification | JCC Rouf Library | JCC Rouf Library | General Stacks | 160.00 | 658.409 MAX 2021 | 19728 | 12/10/2024 | C-4 | Books | Gift/Donation | BDT | With the compliments of Maj (Retd) Syed Sakhawat Hussain,07/0388/K |